| 000 | 00899nam a2200217 i 4500 | ||
|---|---|---|---|
| 001 | 181812 | ||
| 003 | ES-MaACL | ||
| 005 | 20230906221447.0 | ||
| 008 | 130327s1931 sp | |||| ||spa d | ||
| 080 | _a903.5(460.187) | ||
| 100 | 1 |
_aMorán Bardón, César. _983115 |
|
| 245 | 1 | 0 |
_aExcavaciones en los dólmenes de Salamanca _b: memoria redactada por el delegado director / _cP. César Morán. |
| 260 |
_aMadrid : _b[s.n.], _c1931 ( _fTipografía de Archivos) |
||
| 300 |
_a72 p., XXII h. de lám. : _bil. ; _c24 cm. |
||
| 490 | 1 |
_aJunta Superior de Excavaciones y Antigüedades ; _vn. 113 = n. 2, 1930 |
|
| 650 | 4 |
_aDólmenes- _zSalamanca (Provincia) _9152545 |
|
| 710 | 2 |
_aEspaña. _bJunta Superior de Excavaciones y Antigüedades. _9152463 |
|
| 830 | 0 |
_aJunta Superior de Excavaciones y Antigüedades ; _vn. 113 = n. 2, 1930 _9191570 |
|
| 852 |
_aES-MaACL _jE-3379(4) |
||
| 999 |
_c181812 _d181812 |
||